000 00417nam a2200181Ia 4500
005 20240823061238.0
008 240823s9999||||xx |||||||||||||| ||und||
041 _aENGLISH
082 _A158.1
100 _aPaul Arden
245 0 _a"It's Not how Good you are, It's how Good you want to be"
250 _a1st
260 _bPh
500 _aYES
650 _aEnglish
_bEnglish
942 _cBK
999 _c233058
_d233058